| 000 | 00843nac a22002531i 4500 | ||
|---|---|---|---|
| 003 | EG-ScBUE | ||
| 005 | 20260312093214.0 | ||
| 008 | 260208r19791969enka f b 001 0 eng d | ||
| 020 | _a0080133169 | ||
| 040 |
_aEG-ScBUE _beng _erda _cEG-ScBUE _dEG-ScBUE |
||
| 082 | 0 | 4 |
_a552.4 _bSPR _222 |
| 100 | 1 |
_aSpry, Alan, _eauthor. |
|
| 245 | 1 | 0 |
_aMetamorphic textures / _cby Alan Spry, Department of Physics, Monash University, Melbourne, Australia. |
| 250 | _aReprinted edition. | ||
| 264 | 1 |
_aOxford : _bPergamon Press, _c1979. |
|
| 300 |
_aviii, 350 pages : _billustrations ; _c24 cm |
||
| 336 |
_2rdacontent _atext _btxt |
||
| 337 |
_aunmediated _2rdamedia _bn |
||
| 338 |
_avolume _bnc _2rdacarrier |
||
| 504 | _aIncludes bibliographical references and index. | ||
| 650 | 7 |
_aRocks, Metamorphic. _2BUEsh |
|
| 655 | _vReading book | ||
| 942 |
_cBB _2ddc |
||
| 999 |
_c6472 _d6472 |
||